| 000 -CABECERA |
| Longitud fija campo de control |
01609cas a2200409 a 4500 |
| 001 - NÚMERO DE CONTROL |
| Número de control |
991050354269706706 |
| 003 - IDENTIFICADOR DEL NÚMERO DE CONTROL |
| Identificador del número de control |
OSt |
| 005 - FECHA Y HORA DE LA ÚLTIMA TRANSACCIÓN |
| Fecha y hora de la última transacción |
20250128101315.0 |
| 008 - CÓDIGOS DE INFORMACIÓN DE LONGITUD FIJA |
| Códigos de información de longitud fija |
990426d19261928spc | p|| ||| 0 b|spa |
| 035 ## - NÚMERO DE CONTROL DEL SISTEMA |
| Número de control del sistema |
(ES-BaCBU).b23258378 |
| 040 ## - FUENTE DE LA CATALOGACIÓN |
| Centro catalogador de origen |
ES-BaBC |
| Lengua de catalogación |
cat |
| Centro transcriptor |
CDMR |
| 041 ## - CÓDIGO DE LENGUA |
| Código de lengua del texto/banda sonora o título independiente |
spa |
| Código de lengua del sumario o resumen |
cat |
| 043 ## - CÓDIGO DE ÁREA GEOGRÁFICA |
| Código de área geográfica |
e-sp--- |
| Código local GAC |
e-spc-- |
| Fuente del código local |
catmarc |
| 080 ## - NÚMERO DE LA CLASIFICACIÓN DECIMAL UNIVERSAL |
| Número de la Clasificación Decimal Universal |
070(467.1))(091)(05) |
| 080 ## - NÚMERO DE LA CLASIFICACIÓN DECIMAL UNIVERSAL |
| Número de la Clasificación Decimal Universal |
061.231:070(467.1)(05) |
| 245 00 - MENCIÓN DE TÍTULO |
| Título |
Boletín de la Federación de la Prensa Catalano-Balear |
| 260 ## - PUBLICACIÓN, DISTRIBUCIÓN, ETC. (PIE DE IMPRENTA) |
| Lugar de publicación, distribución, etc. |
Barcelona : |
| Nombre del editor, distribuidor, etc. |
la Federación, |
| Fecha de publicación, distribución, etc. |
1926-1928 |
| Lugar de fabricación |
([s.l. : |
| Fabricante |
s.n.]) |
| 300 ## - DESCRIPCIÓN FÍSICA |
| Extensión |
3 núm. ; |
| Dimensiones |
25 cm |
| 310 ## - PERIODICIDAD ACTUAL |
| Periodicidad actual |
Irregular |
| 362 0# - FECHAS DE PUBLICACIÓN Y/O DESIGNACIÓN SECUENCIAL |
| Fecha de publicación y/o designación secuencial |
[No. 1] (jul. 1926)-no. 3 (sept. 1928) |
| 500 ## - NOTA GENERAL |
| Nota general |
Capçalera tipogràfica |
| 505 8# - NOTA DE CONTENIDO CON FORMATO |
| Nota de contenido con formato |
Números monogràfics |
| 510 3# - NOTA DE CITAS O REFERENCIAS BIBLIOGRÁFICAS |
| Nombre de la fuente |
Torrent/Tasis I-700 |
| 515 ## - NOTAS DE PECULIARIDADES DE LA NUMERACIÓN |
| Nota de peculiaridades de la numeración |
El primer número sense designació numèrica |
| 546 ## - NOTA DE LENGUA |
| Nota de lengua |
Algun text en català |
| 580 ## - NOTA DE RELACIÓN COMPLEJA |
| Nota de relación compleja |
Continuada per: Butlletí de la Federació de la Premsa Catalano-Balear |
| 650 #7 - PUNTO DE ACCESO ADICIONAL DE MATERIA - TÉRMINO DE MATERIA |
| Término de materia o nombre geográfico como elemento inicial |
Premsa |
| Subdivisión geográfica |
Catalunya |
| Subdivisión de materia general |
Història |
| -- |
Revistes. |
| Fuente del encabezamiento o término |
lemac |
| 710 2# - PUNTO DE ACCESO ADICIONAL - NOMBRE DE ENTIDAD |
| Nombre de entidad o nombre de jurisdicción como elemento inicial |
Federación de la Prensa Catalano-Balear |
| 752 ## - PUNTO DE ACCESO ADICIONAL - NOMRE JER´RQUICO DE LUGAR |
| País o entidad superior |
Catalunya |
| Jurisdicción política de primer nivel |
Barcelona (Província) |
| Jurisdicción política intermedia |
Barcelonès |
| Ciudad |
Barcelona |
| 785 00 - ENLACE A UN TÍTULO POSTERIOR |
| Título |
Butlletí de la Federació de la Premsa Catalano-Balear |
| 856 ## - LOCALIZACIÓN Y ACCESO ELECTRÓNICO |
| Identificador Uniforme del Recurso (URI) |
<a href="https://arca.bnc.cat/arcabib_pro/ca/consulta/registro.do?id=2803">https://arca.bnc.cat/arcabib_pro/ca/consulta/registro.do?id=2803</a> |
| Nota pública |
Accés lliure (ARCA) |
| 907 ## - ELEMENTO G DATOS LOCALES, GDL (RLIN) |
| a |
.b23258378 |
| b |
15-02-21 |
| c |
07-05-08 |
| d |
07-05-08 |
| e |
s |
| f |
b |
| g |
- |
| h |
cat |
| i |
spc |
| j |
0 |
| k |
1 |
| 908 ## - CONTROL DE PARÁMETROS (RLIN) |
| Parametro de comando lanzado |
BC |
| -- |
AHCB |
| -- |
AHS |
| 940 ## - |
| T&íacute;tulo uniforme |
<a href="BC">BC</a> |
| 942 ## - ENTRADA DE ELEMENTOS AGREGADOS (KOHA) |
| Fuente de clasificaión o esquema |
|
| Koha [por defecto] tipo de item |
Reserva / Històric |
| 949 ## - TRATAMIENTO DE LA INFORMACIÓN LOCAL (OCLC) |
| a |
1003021248 |
| b |
D3 938/4 |
| c |
1 |
| d |
0 |
| e |
0 |
| f |
02.07.13 |
| g |
1 |
| h |
1926 |
| k |
1300 |
| m |
02.08.13 |
| n |
02.08.13 |
| o |
0 |
| p |
Fons: Hemeroteca Arxiu Turull |